Random 2010's NFL Players #2 - Statistics

General Stats
  • This quiz has been taken 20 times
  • The average score is 5 of 15
Answer Stats
Position Teams College Drafted Retired Answer % Correct
C PIT Florida 2010 2020 Maurkice Pouncey
100%
QB CLE/GB/OAK Notre Dame 2017 2020 DeShone Kizer
65%
DT CIN Georgia 2010 2020 Geno Atkins
59%
LB DAL Penn State 2010 2020 Sean Lee
53%
WR MIA/CLE Ohio State 2009 2015 Brian Hartline
47%
WR SEA/NYJ/DET Washington 2012 2019 Jermaine Kearse
41%
RB SF/SEA/CHI/CAR/ATL/BAL South Carolina 2015 2022 Mike Davis
35%
LB BUF/PHI/MIA/NO/SF Oregon 2013 2020 Kiko Alonso
29%
EDGE MIN/DAL/DET/MIN USC 2010 2021 Everson Griffen
24%
TE TB/NYJ/JAX Washington 2014 2018 Austin Seferian-Jenkins
18%
TE ARI/CLE/KC/WAS Texas A&M 2017 2021 Ricky Seals-Jones
18%
LB HOU/GB Illinois 2012 2021 Whitney Mercilus
18%
WR ARI/OAK/IND UAB 2015 2021 J.J. Nelson
12%
RB JAX/OAK/NYG Pitt/Liberty 2009 2016 Rashad Jennings
12%
K WAS/ARI/WAS/KC/SD/HOU/LAC Maryland 2005 2017 Nick Novak
6%
No matching quizzes found
Score Distribution
Percent of People with Each Score
Percentile by Number Answered
Your Score History
You have not taken this quiz